| 000 | 00635nam a2200241Ia 4500 | ||
|---|---|---|---|
| 008 | 170203s9999 xx 000 0 und d | ||
| 020 | _a9789812745002 | ||
| 050 | _aFic | ||
| 050 | _bA374m | ||
| 100 | _aAlexander, Adrian. | ||
| 245 | 4 | _aThe missing lunchbox / | |
| 245 | _cwritten and illustrated by Adrian Alexander. | ||
| 260 | _aSingapore : | ||
| 260 | _bTeachers@work, | ||
| 300 | _a16 pages : | ||
| 300 | _bcolor illustrations ; | ||
| 300 | _c21 cm. | ||
| 440 | _aShapeys life skills readers, | ||
| 440 | _vlevel 1, bk. C. | ||
| 650 | _aHonesty -- | ||
| 650 | _aHonesty. | ||
| 650 | _xJuvenile literature. | ||
| 999 |
_c306374 _d306374 |
||